[Event "RUS-ch Men Blitz 2019"]
[Site "Sochi"]
[Date "2019.10.17"]
[Round "2.30"]
[White "Dianov, Alexey"]
[Black "Bryakin, Mikhail"]
[Result "1/2-1/2"]
[WhiteElo "2158"]
[BlackElo "2440"]
[Annotator "TA"]
[PlyCount "258"]
[EventDate "2019.10.17"]
[EventType "swiss"]
[EventCountry "RUS"]
[SourceTitle "playchess.com"]
[Source "ChessBase"]
[SourceQuality "1"]

{[%evp 13,258,12,14,17,3,0,14,10,4,12,10,6,7,-25,0,-4,64,35,100,104,89,-166,-161,-154,-160,-165,-165,-166,-166,-165,-154,-167,-87,-87,-85,-87,-87,-116,-85,-85,-85,-85,-85,-87,-78,-115,-115,-116,-116,-122,-116,-116,-116,-116,-116,-116,-116,-187,-116,-116,-116,-116,-116,-116,-116,-116,-116,-116,-116,-116,-116,-116,-116,-116,-116,-116,-116,-116,-116,-116,-116,-116,0,-116,-116,-116,-116,-116,-116,-116,-116,-116,-116,-116,-116,-116,-116,-116,-116,-433,-116,-116,-116,-433,-116,-116,0,-116,-116,-116,-116,-116,-116,-116,-116,-116,-116,-131,-116,-116,-116,-116,-116,-116,-108,-116,-107,-116,0,-116,-116,-116,-116,-116,-108,-116,-116,-116,-105,-147,-55,-116,-62,-55,-58,-65,0,-108,-108,-102,0,0,0,-14,0,0,0,0,5,-28,-28,-28,-23,-23,-23,-23,-23,-23,-22,-23,-23,-23,-23,-23,-23,-23,-23,-23,-23,-23,-23,-23,-23,-23,-23,-23,0,0,0,0,0,0,0,0,0,0,0,0,0,0,0,0,0,0,0,0,0,0,0,0,0,0,0,0,0,0,0,0,0,0,0,0,0,0,0,0,0,0,0,0,0,0,0,0,0,0,0,0,0,0,0,0,0,0,0,0,0]} 1. e4 c6 2. c4 d5 3. cxd5 cxd5 4. exd5 Nf6 5. Qa4+ Nbd7 6. Nc3 g6 7. Bc4 Bg7 8. Nf3 {B10: Caro-Kann: 2 d3 and 2 c4} O-O 9. d3 a6 10. Qa3 Nb6 {[%cal Rf6d5]} (10... b6 11. O-O Bb7 12. Re1 Re8 13. Be3 Rc8 14. Qb4 Nc5 15. Rac1 a5 16. Qa3 Nxd5 17. Nxd5 Bxd5 18. Bxd5 Qxd5 19. Bxc5 {½-½ (19) Rakhmanov,A (2635)-Dreev,A (2653) Havana 2018}) 11. Qb3 Nxc4 12. dxc4 b5 13. cxb5 axb5 14. O-O Rb8 $146 (14... b4 $11 15. Qxb4 Nxd5 16. Nxd5 Qxd5) ({Predecessor:} 14... b4 15. Qxb4 Nxd5 16. Nxd5 Qxd5 17. Qxe7 Rxa2 18. Rxa2 Qxa2 {1-0 (40) Bortnyk,O (2552)-Voit,D (2356) Minsk 2015}) 15. Nd4 $14 Bd7 (15... Bb7 $1 $14) 16. Bf4 $16 Rb6 {With the idea ...b4.} 17. Ndxb5 $2 {[%mdl 8192]} (17. a3 $16) 17... Bxb5 $19 18. Nxb5 Qxd5 19. Nc3 Rxb3 20. Nxd5 Nxd5 21. axb3 Nxf4 22. Ra7 Rb8 ({Don't play} 22... Bxb2 23. Rxe7 Ne6 24. Ra7 $17) (22... Nd5 $19 23. Rfa1 Bxb2) 23. Rxe7 $17 Rxb3 24. g3 Ne6 25. Rd1 Bxb2 26. Rb1 Rb4 27. Rd7 Kg7 28. Kg2 Rd4 29. Rb7 Ba3 30. Ra1 Rd3 31. Ra2 h5 32. h4 Kf6 33. Kf1 Bc5 34. Ke2 Rd5 35. Ra6 {[#]} (35. Kf1 $17 {was worth a try.}) 35... Re5+ (35... Rf5 $1 $19 36. f4 Rd5) 36. Kf1 Rf5 37. Rb2 Kg7 38. Kg2 Bd4 39. Rd2 Bc3 40. Rc2 Be5 41. Ra5 Kf6 42. Ra6 Bd4 43. Rd2 Rd5 44. Rc2 Rc5 45. Rd2 {Rxd4 is the strong threat.} Be5 46. Re2 Kf5 47. Ra7 Kf6 (47... Nd4 {looks sharper.} 48. Rd2 Ke6 49. Ra4 Rd5 50. Ra6+ Bd6) 48. Ra6 Rd5 49. Rb6 Rd6 50. Rb5 Bd4 51. Rb7 Rb6 52. Rd7 Bc5 53. Rd5 Bf8 54. Rd3 Rd6 55. Rf3+ Kg7 {Hoping for ...Nd4.} 56. Rb3 $2 {[%mdl 8192]} (56. Rfe3 $17 {is more resistant.}) 56... Rd7 $2 (56... Nd4 $19 57. Rbe3 Nxe2 58. Rxe2 Rd3) 57. Rb8 Bd6 58. Rb3 $2 {[%mdl 8192]} (58. Rbb2 $17 {is tougher.}) 58... Bc5 $2 (58... Nd4 $19 {has better winning chances.} 59. Ree3 Nxb3 60. Rxb3 Ra7) 59. Rc3 Bd6 (59... Bf8 $17 60. Rc6 Rd3) 60. Rd3 (60. Rb3 $1 $11) 60... Kf8 61. Red2 Ke7 62. Rd5 Rd8 63. Ra2 Bc7 64. Rb5 Rb8 65. Rd5 Rb7 66. Rd3 Be5 67. Re2 Rb5 68. Ra3 Kf6 69. Ra6 Bd4 70. Rd2 Rd5 ({Black should play} 70... Rb4 $17 71. Rd6 Ke7) 71. Rc6 (71. Rc2 $1 $11 {was the only way to keep the balance.}) 71... Rd8 72. Ra6 Ke7 73. Re2 Bc5 74. Ra4 Rd4 75. Ra5 {Threatens to win with Rxc5.} Rc4 76. Rb5 Rc3 (76... f5 $17 77. f4 Bd4 78. Rb7+ Kd6) 77. Ra5 ({Better is} 77. Rb7+ $1 $15 Kf8 78. Rb8+ Kg7 79. Rb7) 77... Kf8 (77... f6 $17 78. Ra6 Bd6) 78. Ra8+ Kg7 79. Ra4 Nd4 ({Black should try} 79... g5 $15) 80. Rea2 (80. Re5 $11) 80... Nf5 81. Re2 {[#]} Bd4 (81... f6 $1 $17 82. Ra8 Ra3 83. Rxa3 Bxa3) 82. Rd2 Bf6 83. Ra7 Rc8 84. Rdd7 Rf8 85. Rab7 g5 86. Rd5 {aiming for hxg5.} Ne7 87. Rdd7 gxh4 {Strongly threatening ...Re8.} 88. Rxe7 Bxe7 89. Rxe7 hxg3 90. fxg3 $11 {[%mdl 4096] Endgame KR-KR} Kf6 91. Ra7 Re8 92. Ra5 Re5 93. Ra4 Kg5 94. Kf3 Rb5 95. Ra3 f6 96. Rc3 Rd5 97. Ra3 Rc5 98. Rb3 Rc1 99. Rb5+ f5 100. Rb3 {The position is equal.} Rh1 101. Rb8 Rf1+ 102. Kg2 Rd1 103. Rg8+ Kf6 104. Rh8 Rd2+ 105. Kf3 Rd3+ 106. Kf2 Kg6 107. Rg8+ Kf7 108. Rh8 Kg6 109. Rg8+ Kf6 110. Rh8 Rd2+ 111. Kf3 $1 Rh2 112. Ra8 Rh1 113. Rh8 Kg7 114. Ra8 Kg6 115. Rg8+ Kf7 116. Rh8 Kg7 117. Ra8 Rh2 118. Ra6 Kf7 119. Rb6 Rc2 120. Kf4 Rf2+ 121. Ke3 $1 {[%cal Re3f2]} Rf1 122. Rh6 Kg7 123. Rxh5 Kg6 124. Rh8 Kg5 125. Rg8+ Kh5 126. Ke2 Ra1 127. Kf3 Ra4 128. Rg7 Rb4 129. Rg8 Rc4 {Accuracy: White = 59%, Black = 53%.} 1/2-1/2

[Event "RUS-ch Men Blitz 2019"]
[Site "Sochi"]
[Date "2019.10.17"]
[Round "2.31"]
[White "Vastrukhin, Oleg"]
[Black "Chekletsov, Ilya"]
[Result "1-0"]
[WhiteElo "2428"]
[BlackElo "2377"]
[Annotator "TA"]
[PlyCount "143"]
[EventDate "2019.10.17"]
[EventType "swiss"]
[EventCountry "RUS"]
[SourceTitle "playchess.com"]
[Source "ChessBase"]
[SourceQuality "1"]

{[%evp 13,143,18,28,17,58,10,29,0,29,10,64,13,17,10,14,22,21,11,44,-6,-6,-12,7,7,7,3,7,6,0,-16,-10,-7,0,-10,0,0,0,0,0,0,0,0,0,0,0,0,0,0,0,0,0,0,0,0,0,0,0,0,0,0,241,0,0,-178,-175,-128,-183,-189,0,0,0,0,0,0,0,0,0,0,0,0,0,0,0,0,5106,5093,29978,29978,29979,29980,29980,29981,29981,29982,29983,29984,29984,29985,29986,29987,29992,29991,29991,29987,29990,29987,29992,29992,29993,29989,29990,29988,29988,29988,29988,29989,29989,29989,29990,29991,29991,29992,29993,29994,29994,29994,29994,29994,29995,29996,29996,29996]} 1. g3 Nf6 2. Bg2 g6 3. c4 c5 4. Nc3 Nc6 5. e3 Bg7 6. Nge2 O-O 7. O-O e6 8. b3 {A36: Symmetrical English vs ...g6: 4 Bg2 Bg7} b6 (8... d5 9. Ba3 Qa5 10. Na4 Rd8 11. Bxc5 dxc4 12. Nd4 Bd7 13. Rc1 Rac8 14. Rxc4 Nxd4 15. exd4 b6 {½-½ (29) Grischuk,A (2785)-Bacrot,E (2749) Warsaw 2013}) 9. Bb2 Bb7 10. Nf4 {White has an edge.} Ne8 $146 ({Predecessor:} 10... Rb8 11. d4 cxd4 12. exd4 Ne7 13. d5 exd5 14. cxd5 {1-0 (71) Ribli,Z (2605)-Ftacnik,L (2570) Tilburg 1994}) 11. h4 Qe7 (11... Rb8 $11) 12. Qe2 (12. d4 $14) 12... d6 $11 13. Rfd1 e5 14. Nfd5 Qd7 15. a3 Ne7 16. d3 Nxd5 17. Nxd5 Nf6 18. Nxf6+ Bxf6 19. d4 exd4 20. exd4 Rfe8 21. Qd2 Bxg2 22. Kxg2 Rad8 23. dxc5 Bxb2 24. Qxb2 Qc6+ 25. Rd5 dxc5 26. Rad1 Rxd5 27. cxd5 {[%mdl 4096] Endgame KQR-KQR} Qd6 28. a4 Re5 29. Qd2 Re4 {Hoping for ...Rd4.} 30. Qc3 h5 31. Qf3 Rd4 32. Rxd4 cxd4 {KQ-KQ} 33. Qe4 Qc5 $1 34. Kf3 Kf8 35. Ke2 a6 36. Qe5 Qc2+ $2 {[#]} (36... a5 $11 {and Black has nothing to worry.}) 37. Kf3 $2 (37. Kf1 $1 $18) 37... d3 {Threatens to win with ...d2.} 38. Qh8+ $2 (38. d6 $11 {and White stays safe.} Qc6+ 39. Ke3) 38... Ke7 $19 39. Qe5+ Kd7 40. d6 {Black must now prevent Qe7+.} Qc6+ $2 (40... Qd1+ $19 41. Kg2 Qe2) 41. Ke3 $11 {And now Qe7+ would win.} Qxd6 42. Qxd6+ Kxd6 43. Kxd3 {KP-KP} Kc5 44. Kc3 $1 Kd5 45. Kd3 a5 46. f3 f6 47. g4 Kc5 48. Ke4 Kb4 $2 {[%mdl 8192] [#]} (48... b5 $11) 49. f4 $1 $18 {[%cal Rf4f5]} hxg4 50. f5 {White mates.} gxf5+ 51. Kf4 Kxb3 52. h5 Kxa4 53. h6 b5 54. h7 b4 55. h8=Q b3 56. Qxf6 Ka3 57. Qa1+ Kb4 58. Qe1+ Ka4 59. Qc3 Ka3 60. Qxa5+ {[%mdl 64] Double Attack} Kb2 61. Kxf5 g3 62. Qe5+ Ka2 63. Qxg3 b2 {[#]} 64. Qf2 $1 Ka1 65. Qa7+ Kb1 66. Ke4 Kc2 67. Qc5+ Kd1 68. Qd4+ Kc2 69. Qc4+ Kd2 70. Qb3 Kc1 71. Qc3+ Kb1 72. Kd3 {Accuracy: White = 59%, Black = 59%.} 1-0

[Event "RUS-ch Men Blitz 2019"]
[Site "Sochi"]
[Date "2019.10.20"]
[Round "3.1"]
[White "Morozevich, Alexander"]
[Black "Timofeev, Artyom"]
[Result "1-0"]
[WhiteElo "2659"]
[BlackElo "2595"]
[Annotator "TA"]
[PlyCount "67"]
[EventDate "2019.10.17"]
[EventType "swiss"]
[EventCountry "RUS"]
[SourceTitle "playchess.com"]
[Source "ChessBase"]
[SourceQuality "1"]

{[%evp 12,67,0,-1,15,2,12,-18,41,42,35,7,16,12,15,8,16,0,0,-1,16,-11,33,38,50,26,25,19,90,-6,0,0,64,53,49,50,226,233,218,228,218,166,311,319,308,319,337,325,324,297,649,750,740,720,684,633,29997,29998]} 1. e4 e5 2. Nf3 Nf6 3. d3 d6 4. g3 g6 5. Bg2 Bg7 6. O-O O-O 7. c3 c6 {A05: Réti Opening: 1 Nf3 Nf6} (7... Bg4 8. Nbd2 Bh6 9. h3 Bxf3 10. Nxf3 Bxc1 11. Rxc1 Nbd7 {½-½ (11) Popovic,D (2531)-Pap,M (2493) Kragujevac 2016}) 8. Nbd2 Nbd7 9. Nc4 Nc5 $146 (9... Qc7 $11) ({Predecessor:} 9... Qc7 10. a4 {½-½ (10) Wiegandt,K (1797)-Huelle,G (1743) Magdeburg 2015}) 10. b4 $14 Ne6 11. Qc2 Qc7 12. a4 b6 13. Re1 Re8 14. Bb2 Bb7 15. h4 h5 16. Bh3 Bh6 17. Rad1 Rad8 18. Bc1 Bxc1 19. Qxc1 Kg7 {[#]} (19... Ba6 $11) 20. Ng5 (20. d4 $1 $16) 20... Nxg5 $11 21. hxg5 Ng8 (21... Nh7 $11) 22. f4 exf4 23. Qxf4 Qe7 $2 {[#]} (23... Rf8 $14) 24. e5 $1 $18 dxe5 25. Rxe5 Qf8 26. d4 Bc8 (26... f6 {keeps fighting.} 27. Rxe8 Rxe8) 27. Bxc8 Rxc8 28. Rf1 Re7 29. Rxe7 Qxe7 30. Ne5 {[%cal Rf4f7]} Rc7 $2 {[#]} (30... Rf8 31. Nxc6 Qd7) 31. Nxf7 $1 {[%mdl 512]} Rd7 (31... Qxf7 32. Qe5+) 32. Ne5 Rc7 33. c4 Qxb4 {[#]} 34. Qf7+ $1 {[%mdl 512] Accuracy: White = 45%, Black = 26%.} 1-0

[Event "RUS-ch Men Blitz 2019"]
[Site "Sochi"]
[Date "2019.10.17"]
[Round "3.1"]
[White "Morozevich, Alexander"]
[Black "Utnasunov, Alexander"]
[Result "0-1"]
[WhiteElo "2659"]
[BlackElo "2442"]
[Annotator "TA"]
[PlyCount "133"]
[EventDate "2019.10.17"]
[EventType "swiss"]
[EventCountry "RUS"]
[SourceTitle "playchess.com"]
[Source "ChessBase"]
[SourceQuality "1"]

{[%evp 9,133,0,17,24,41,39,43,44,41,39,39,32,48,56,43,56,86,85,94,70,112,97,134,118,169,132,203,199,212,205,188,207,245,230,266,267,254,212,196,98,100,66,147,140,137,108,99,37,38,37,34,22,44,32,25,0,0,-17,0,0,24,-147,-131,-147,-147,-148,-24,-24,-24,-29,-25,-41,-48,-55,0,0,0,0,2,5,3,-24,-24,-34,-28,-40,-8,-43,0,0,0,0,0,0,0,0,8,8,75,75,75,75,75,75,75,75,75,75,75,75,29966,29969,29960,75,75,0,29943,79,82,82,29981,29982,29982,29982,29997,29998]} 1. e4 c5 2. Nc3 d6 3. d4 cxd4 4. Qxd4 Nc6 5. Qd2 g6 6. b3 {B23: Closed Sicilian: Lines without g3} Bg7 (6... Bh6 7. f4 f5 8. Bb2 Nf6 9. O-O-O O-O 10. Kb1 Bg7 11. exf5 Bxf5 {1-0 (37) Caruana,F (2819)-Vachier Lagrave,M (2779) Stavanger 2019}) 7. Bb2 $1 Nf6 8. O-O-O {White is slightly better.} Qa5 9. Kb1 Be6 $146 ({Predecessor:} 9... O-O 10. f3 Rd8 11. Nge2 {1-0 (27) Ivic,V (2425)-Cholleti,S (2151) Veliko Gradiste 2018}) 10. f3 O-O-O 11. Nd5 Qxd2 12. Rxd2 Bxd5 13. exd5 Ne5 14. Nh3 Kb8 15. Be2 Rc8 16. Re1 Rhe8 (16... Rc7 $16 {was worth a try.} 17. f4 Ned7) 17. Bb5 Red8 (17... Rg8 $16) 18. f4 $18 Bh6 19. Rdd1 Neg4 20. Rxe7 a6 21. Be2 ({Don't do} 21. Rxf7 $6 Rf8 $16) 21... Rc7 22. Rxc7 Kxc7 23. Ng5 {Hoping for Rg1.} Re8 24. Bxg4 (24. Nxf7 Rxe2 25. Nxh6 Ne3 $11) ({White has to play} 24. Bf3 $18) 24... Nxg4 $16 25. h3 Bxg5 (25... Ne3 $14 26. Rd2 b5) 26. fxg5 $14 {[%mdl 4096] Endgame KRB-KRN} Ne3 27. Rd2 $1 b5 28. Rf2 (28. g4 $16) 28... Nxd5 {aiming for ...Re1+.} 29. Rxf7+ Kc6 30. Bd4 Re1+ 31. Kb2 Re2 32. g4 Nb4 33. Kc3 Nxa2+ 34. Kd3 $1 {[%cal Rd3e2]} Rh2 35. c3 $2 ({White should try} 35. Rxh7 $11 Nc1+ 36. Kc3) 35... Rxh3+ $17 36. Kc2 {Black should prevent Kb2.} b4 37. c4 Nc3 (37... Rh2+ $17 38. Kd1 Nc3+ 39. Bxc3 bxc3) 38. Ra7 $11 Ne4 39. Rxa6+ Kd7 40. Rb6 Nxg5 41. Rxb4 Nf3 (41... Rg3 $15) 42. Bc3 Rg3 43. Rb7+ Kc6 44. Rxh7 Rxg4 45. b4 (45. Ra7 {keeps more tension.} Kb6 46. Rf7 Ng5 47. Re7 d5 48. cxd5 Kc5 49. Bf6) 45... Rxc4 46. Kb3 Rg4 47. Rh8 Ne5 48. Ka4 Rg3 49. b5+ Kb7 50. Rh7+ Kb8 51. Bb4 Rg4 {Strongly threatening ...Nd3.} 52. Ka5 Nc4+ 53. Ka6 d5 (53... Kc8 $1 $11) 54. b6 $16 Nxb6 55. Bd6+ ({Much weaker is} 55. Kxb6 Rxb4+ 56. Kc5 Rb7 $11) 55... Kc8 56. Kxb6 {White threatens Kc6 and mate. KRB-KR} Rc4 57. Bc5 {White wants to mate with Kc6.} Kd8 58. Kc6 {[%cal Rh7h8]} Ke8 59. Kxd5 Rc1 $2 {[%mdl 8192]} (59... Rf4 $16) 60. Re7+ $1 Kd8 61. Rf7 $2 (61. Kd6 $1 Rf1 62. Re6 Rc1 63. Kc6 Rc4 64. Re1 Rc3 65. Rf1 Rxc5+ 66. Kxc5) 61... Ke8 62. Re7+ $2 {[%mdl 8192]} (62. Rg7 $16) 62... Kd8 {[#]} 63. Rg7 $2 (63. Kd6 $1 {mates} g5 64. Bb6+ Kc8 65. Rg7 Rf1 66. Bc5 (66. Rxg5 Rf6+ 67. Kc5 Kd7 $14) 66... Rf6+ 67. Kd5 Rh6 68. Bd6) 63... Rd1+ 64. Kc6 {[%cal Rg7g8]} Ke8 $2 {[%mdl 8192] [#]} (64... Re1 $16) 65. Re7+ $1 {White mates.} Kd8 66. Re6 g5 67. Bb6+ {[%mdl 32768] Accuracy: White = 45%, Black = 44%. . Loss on time!?} 0-1

[Event "RUS-ch Men Blitz 2019"]
[Site "Sochi"]
[Date "2019.10.17"]
[Round "3.2"]
[White "Sadovsky, Artem"]
[Black "Tsydypov, Zhamsaran"]
[Result "1-0"]
[WhiteElo "2411"]
[BlackElo "2553"]
[Annotator "ChessBase"]
[PlyCount "71"]
[EventDate "2019.10.17"]
[EventType "swiss"]
[EventCountry "RUS"]
[SourceTitle "playchess.com"]
[Source "ChessBase"]
[SourceQuality "1"]
[TimeControl "180+2"]

1. c4 {[%emt 0:00:00]} Nf6 {[%emt 0:00:00]} 2. g3 {[%emt 0:00:00]} e6 {[%emt 0:00:03]} 3. Bg2 {[%emt 0:00:01]} d5 {[%emt 0:00:01]} 4. Nf3 {[%emt 0:00:01]} Be7 {[%emt 0:00:03]} 5. O-O {[%emt 0:00:02]} O-O {[%emt 0:00:02]} 6. b3 {[%emt 0:00:01]} b6 {[%emt 0:00:13]} 7. Bb2 {[%emt 0:00:02]} Bb7 {[%emt 0:00:01]} 8. d3 {[%emt 0:00:01]} c5 {[%emt 0:00:04]} 9. Ne5 {[%emt 0:00:07]} Qc7 {[%emt 0:00:03]} 10. Nd2 {[%emt 0:00:12]} Bd6 {[%emt 0:00:10]} 11. f4 {[%emt 0:00:08]} d4 {[%emt 0:00:02]} 12. Bxb7 {[%emt 0:00:10]} Qxb7 {[%emt 0:00:01]} 13. Ndf3 {[%emt 0:00:04]} Bxe5 {[%emt 0:00:13]} 14. Nxe5 {[%emt 0:00:07]} Nbd7 {[%emt 0:00:02]} 15. Nxd7 {[%emt 0:00:09]} Qxd7 {[%emt 0:00:01]} 16. e4 {[%emt 0:00:04]} b5 {[%emt 0:00:33]} 17. Rc1 {[%emt 0:00:05]} Rac8 {[%emt 0:00:12]} 18. f5 {[%emt 0:00:11]} e5 {[%emt 0:00:25]} 19. Rc2 {[%emt 0:00:06]} Ne8 {[%emt 0:00:04]} 20. g4 {[%emt 0:00:07]} bxc4 {[%emt 0:00:01]} 21. Rxc4 {[%emt 0:00:07]} Nd6 {[%emt 0:00:02]} 22. Rc2 {[%emt 0:00:02]} f6 {[%emt 0:00:06]} 23. Bc1 {[%emt 0:00:04]} Nf7 {[%emt 0:00:15]} 24. h4 {[%emt 0:00:03]} h6 {[%emt 0:00:04]} 25. g5 {[%emt 0:00:06]} fxg5 {[%emt 0:00:05]} 26. hxg5 {[%emt 0:00:01]} hxg5 {[%emt 0:00:01]} 27. Qh5 {[%emt 0:00:03]} Rc6 {[%emt 0:00:06]} 28. Bxg5 {[%emt 0:00:06]} Nxg5 {[%emt 0:00:10]} 29. Qxg5 {[%emt 0:00:00]} Rff6 {[%emt 0:00:16]} 30. Rg2 {[%emt 0:00:07]} Qf7 {[%emt 0:00:02]} 31. Rf3 {[%emt 0:00:09]} Kf8 {[%emt 0:00:18]} 32. Rh3 {[%emt 0:00:03]} Kg8 {[%emt 0:00:09]} 33. Qh4 {[%emt 0:00:02]} Rh6 {[%emt 0:00:03]} 34. Qxh6 {[%emt 0:00:07]} Rxh6 {[%emt 0:00:01]} 35. Rxh6 {[%emt 0:00:01]} Qb7 {[%emt 0:00:03]} 36. f6 {[%emt 0:00:08]} 1-0

[Event "RUS-ch Men Blitz 2019"]
[Site "Sochi"]
[Date "2019.10.17"]
[Round "3.3"]
[White "Rublevsky, Sergei"]
[Black "Faizrakhmanov, Ramil"]
[Result "1-0"]
[WhiteElo "2651"]
[BlackElo "2434"]
[Annotator "TA"]
[PlyCount "59"]
[EventDate "2019.10.17"]
[EventType "swiss"]
[EventCountry "RUS"]
[SourceTitle "playchess.com"]
[Source "ChessBase"]
[SourceQuality "1"]

{[%evp 12,59,27,20,42,34,27,20,39,27,27,21,15,6,29,8,8,9,27,17,62,54,67,58,56,54,67,41,78,41,126,0,7,13,835,829,802,768,632,560,567,558,547,509,29969,29969,29993,29994,29994,29995]} 1. e4 c6 2. d4 d5 3. e5 Bf5 4. Nf3 e6 5. Be2 Ne7 6. O-O Nd7 7. Nbd2 Nc8 {B12: Caro-Kann: Advance Variation} 8. a4 Be7 9. a5 a6 {The position is equal.} 10. Nb3 O-O 11. Be3 $146 ({Predecessor:} 11. c4 dxc4 12. Bxc4 Na7 {0-1 (36) Rublevsky,S (2683)-Artemiev,V (2691) Moscow 2017}) 11... Na7 12. c4 dxc4 13. Bxc4 Nb5 14. Qe2 Bg4 15. h3 Bxf3 16. Qxf3 Bg5 17. Qg4 Bxe3 $1 18. fxe3 Qe7 19. Rf3 Rad8 20. Raf1 c5 (20... Nc7 $14) 21. Nxc5 ({Resist} 21. Bxb5 $6 axb5 22. R3f2 c4 $11) ({White should try} 21. Rg3 $16 {[%csl Gg3][%cal Rg4g7]} g6 22. Qe4) 21... Nxc5 $11 22. dxc5 $40 {[%mdl 128] White has some attack.} Qxc5 $2 {[%mdl 8192] [#]} (22... Na7 $11) 23. Rxf7 $3 $18 {[%mdl 512]} Rxf7 24. Qxe6 Kh8 25. Qxf7 h6 26. e6 {White threatens e7 and mate.} Nd6 {[#]} 27. Qe7 $1 Re8 (27... Rg8 $18 28. Rf3 Qe5) 28. Rf8+ {[%mdl 64] Double Attack. White mates.} Kh7 29. Bd3+ Nf5 30. Qxc5 {Accuracy: White = 79%, Black = 44%.} 1-0

[Event "RUS-ch Men Blitz 2019"]
[Site "Sochi"]
[Date "2019.10.17"]
[Round "3.4"]
[White "Ulybin, Mikhail"]
[Black "Ponkratov, Pavel"]
[Result "0-1"]
[WhiteElo "2455"]
[BlackElo "2621"]
[Annotator "TA"]
[PlyCount "138"]
[EventDate "2019.10.17"]
[EventType "swiss"]
[EventCountry "RUS"]
[SourceTitle "playchess.com"]
[Source "ChessBase"]
[SourceQuality "1"]

{[%evp 17,185,18,18,16,16,2,0,0,26,4,18,7,6,0,18,0,0,0,14,0,0,0,38,48,43,50,102,97,100,91,100,54,45,0,44,0,62,60,52,32,41,12,14,0,50,29,44,0,76,0,37,29,91,15,52,39,46,51,215,54,54,0,133,140,190,201,384,339,536,530,710,684,922,908,953,927,959,411,352,-92,-89,-88,-100,-84,-104,-96,-89,-112,-87,-78,-28,-100,-71,-91,-29,-29,-29,-29,-29,-29,0,0,0,0,-5,-8,-10,-13,-14,-25,-15,-47,-56,-96,-125,-127,0,-1,0,-1,-1,-2,0,-1,0,-15,0,0,0,0,21,-15,8,-47,-28,-58,-58,-108,-38,-37,-39,-47,-47,-47,-47,-47,-47,-47,-47,-47,-47,-47,-47,-47,-47,-57,-47,-47,-23,-48,-48,-57,-57,-57,-58,-76,-76,-76,-76,-216]} 1. e4 c5 2. Nf3 d6 3. Bb5+ Nc6 4. Bxc6+ bxc6 5. O-O g6 6. Re1 Bg7 7. c3 Nf6 8. d4 cxd4 9. cxd4 O-O 10. Nc3 {B31: Sicilian: 2...Nc6 3 Bb5 g6} Rb8 11. h3 Nd7 12. Qc2 {The position is equal.} (12. b3 a5 13. Be3 Ba6 14. Qd2 c5 15. Rac1 c4 16. bxc4 Bxc4 {½-½ (61) Harikrishna,P (2753)-Li,C (2751) Huaian 2016}) 12... Qb6 $146 ({Predecessor:} 12... Bb7 13. Be3 c5 14. d5 {1-0 (44) Svetushkin,D (2581)-Stella,A (2410) Lorca 2014}) 13. Na4 Qa6 14. Bg5 Re8 15. Rac1 Bb7 16. b3 Rbc8 17. Qd2 c5 18. d5 Nb6 19. Nc3 e6 20. dxe6 Rxe6 21. Bh6 f6 (21... Nd7 $14) 22. Bxg7 $16 Kxg7 23. Re3 Rce8 24. Rce1 Qa5 25. Qb2 Qb4 26. R1e2 Nd7 (26... d5 $11 27. a3 Qa5) 27. Qd2 $14 Qb6 28. Kh2 Qd8 29. Qb2 Kg8 30. Qd2 Qe7 31. Qc2 Qf7 32. Qd2 Bc6 (32... Qe7 $11) 33. Qc2 (33. Nh4 $16) 33... a5 34. Qd2 Ra8 (34... Kg7 $11 {remains equal.}) 35. Qb2 ({White should try} 35. Nh4 $16) 35... a4 36. bxa4 Bxa4 37. Qb7 Rb8 $2 (37... Ree8 $14) 38. Qc7 $2 ({White has to play} 38. Qa6 $18) 38... Ra8 $1 39. Qb7 (39. Rb2 $14) 39... Ra5 (39... Rb8 $11 40. Qa6 d5 41. Qxa4 d4) 40. Nd5 Kg7 41. Rb2 Bd1 $2 (41... Re8) 42. Qc7 Ra8 (42... Ra6 $142 43. Nd2 Re8) 43. Rb7 $18 Bxf3 44. gxf3 Ne5 {Black hopes to continue with ...Qxc7.} 45. Qb6 Nd7 46. Qc6 Rd8 47. Nb6 (47. Ra3 $142 h5 48. Raa7) 47... Re7 ({Reject} 47... d5 48. Qc7 $18) 48. Nc8 $2 (48. Qxd6 $18 c4 49. Ra3) 48... Ne5 $36 {[%mdl 2112] Discovered Attack. Black has strong initiative.} 49. Rxe7 Nxc6 50. Rxf7+ Kxf7 {[%mdl 4096] Endgame KRN-KRN} 51. Nb6 Ke6 52. Nd5 Rb8 53. Kg2 Rb2 54. Ra3 (54. Nf4+ $1 $11 Kd7 55. Ra3) 54... f5 55. Ra8 {[#]} fxe4 (55... Rb8 $1 $17 {[%cal Rb8a8]} 56. Rxb8 Nxb8) 56. fxe4 $11 Ke5 57. Re8+ Kd4 58. Re6 Ne5 59. Rxd6 Kxe4 60. Nc3+ Kf5 61. Rd5 c4 62. a4 Ke6 63. Rd8 Nd3 64. Ne4 Ke5 65. Re8+ Kd4 66. Kf3 Ra2 (66... Ne5+ $17 67. Kf4 Nc6) 67. Rd8+ Ke5 68. Re8+ Kf5 {Strongly threatening ...Ne5+.} 69. Nd6+ Kg5 {Played: Kf5-f6} 0-1